000 00747nam a22002417a 4500
001 52004
003 UA-OsUOA
005 20211028134402.0
007 ta
008 20080129b un ||||| |||| 00| 0 ukr d
040 _aUA-OsUOA
_bukr
_cUA-OsUOA
_dUA-OsUOA
041 _aukr
080 _a821.161.1
090 _a821.161.1
_bЛ36
100 _aЛевін Б.
245 _aВеселий мудрець: повісті з життя Івана Петровича Котляревського
_nКн. 3
260 _aК.
_bРад. письменник
_c1987
300 _a295 с.
650 7 _a821 Художня література
_2UDC
942 _cBK
_2udc
955 _a3
999 _c338093
_d338093